[Event "FICGS class SM 000015 email"]
[Site "FICGS email"]
[Date "2011.07.03"]
[Round "1"]
[White "Szczepanski, Zbigniew"]
[Black "Alaguzov, Maxat"]
[Result "1-0"]
[WhiteElo "2424"]
[BlackElo "2401"]
[PlyCount "35"]
[EventDate "2011.??.??"]
[EventType "tourn (corr)"]
[EventRounds "6"]
[EventCategory "7"]
[SourceTitle "Corr 2013"]
[Source "ChessBase"]
[SourceDate "2012.11.12"]
[SourceVersion "1"]
[SourceVersionDate "2012.11.12"]
[SourceQuality "1"]

1. e4 e5 2. Nf3 Nc6 3. Bb5 a6 4. Ba4 Nf6 5. 0-0 Be7 6. Re1 b5 7. Bb3 0-0 8. c3 d5 9. exd5 Nxd5 10. Nxe5 Nxe5 11. Rxe5 c6 12. d4 Bd6 13. Re1 Qh4 14. g3 Qh3 15. Qe2 Bg4 16. Qf1 Qh5 17. Nd2 Rae8 18. Rxe8 1-0

[Event "FICGS rapid SM 000008 email"]
[Site "FICGS email"]
[Date "2011.05.01"]
[Round "1"]
[White "Alaguzov, Maxat"]
[Black "Nichols, Scott"]
[Result "1/2-1/2"]
[WhiteElo "2415"]
[BlackElo "2232"]
[PlyCount "39"]
[EventDate "2011.??.??"]
[EventType "tourn (rapid)"]
[EventRounds "6"]
[EventCategory "3"]
[SourceTitle "Corr 2013"]
[Source "ChessBase"]
[SourceDate "2012.11.12"]
[SourceVersion "1"]
[SourceVersionDate "2012.11.12"]
[SourceQuality "1"]

1. e4 c5 2. Nf3 d6 3. d4 cxd4 4. Nxd4 Nf6 5. Nc3 a6 6. f3 e5 7. Nb3 Be7 8. Be3 h5 9. Qd2 Be6 10. Nd5 Nxd5 11. exd5 Bf5 12. Be2 a5 13. a4 Bh4+ 14. g3 Bf6 15. Bd3 Bh3 16. Bb5+ Nd7 17. 0-0-0 Bf5 18. Bd3 Bxd3 19. Qxd3 0-0 20. Nd2 1/2-1/2

[Event "FICGS rapid SM 000008 email"]
[Site "FICGS email"]
[Date "2011.05.01"]
[Round "1"]
[White "Alaguzov, Maxat"]
[Black "Pessoa, Francisco Azevedo"]
[Result "1/2-1/2"]
[WhiteElo "2415"]
[BlackElo "2528"]
[PlyCount "41"]
[EventDate "2011.??.??"]
[EventType "tourn (rapid)"]
[EventRounds "6"]
[EventCategory "3"]
[SourceTitle "Corr 2013"]
[Source "ChessBase"]
[SourceDate "2012.11.12"]
[SourceVersion "1"]
[SourceVersionDate "2012.11.12"]
[SourceQuality "1"]

1. e4 c5 2. Nf3 d6 3. d4 cxd4 4. Nxd4 Nf6 5. Nc3 a6 6. f3 e5 7. Nb3 Be6 8. Be3 Be7 9. Qd2 Nbd7 10. g4 0-0 11. g5 Nh5 12. 0-0-0 Qc7 13. Kb1 Rfc8 14. Nd5 Bxd5 15. exd5 a5 16. a3 Nb6 17. Rg1 g6 18. Rg4 f5 19. gxf6 Nxf6 20. Bxb6 Qxb6 21. Ra4 1/2-1/2

[Event "FICGS class SM 000014 email"]
[Site "FICGS email"]
[Date "2011.02.18"]
[Round "1"]
[White "Alaguzov, Maxat"]
[Black "Podgursky, Artur"]
[Result "1/2-1/2"]
[WhiteElo "2415"]
[BlackElo "2407"]
[PlyCount "30"]
[EventDate "2011.??.??"]
[EventType "tourn (corr)"]
[EventRounds "6"]
[EventCategory "7"]
[SourceTitle "Corr 2013"]
[Source "ChessBase"]
[SourceDate "2012.11.12"]
[SourceVersion "1"]
[SourceVersionDate "2012.11.12"]
[SourceQuality "1"]

1. e4 c5 2. Nf3 d6 3. d4 cxd4 4. Nxd4 Nf6 5. Nc3 a6 6. Be3 e5 7. Nb3 Be6 8. f3 Nbd7 9. Qd2 h5 10. Nd5 Bxd5 11. exd5 g6 12. Be2 Bg7 13. 0-0 0-0 14. Na5 Qc7 15. c4 e4 1/2-1/2

[Event "FICGS class SM 000014 email"]
[Site "FICGS email"]
[Date "2011.02.18"]
[Round "1"]
[White "Boehme, Sebastian"]
[Black "Alaguzov, Maxat"]
[Result "1-0"]
[WhiteElo "2327"]
[BlackElo "2415"]
[PlyCount "39"]
[EventDate "2011.??.??"]
[EventType "tourn (corr)"]
[EventRounds "6"]
[EventCategory "7"]
[SourceTitle "Corr 2013"]
[Source "ChessBase"]
[SourceDate "2012.11.12"]
[SourceVersion "1"]
[SourceVersionDate "2012.11.12"]
[SourceQuality "1"]

1. e4 c5 2. Nf3 d6 3. d4 cxd4 4. Nxd4 Nf6 5. Nc3 a6 6. Be3 e6 7. Be2 Qc7 8. Qd2 b5 9. a3 Bb7 10. f3 Nc6 11. 0-0-0 Be7 12. Ndxb5 axb5 13. Nxb5 Qc8 14. Nxd6+ Bxd6 15. Qxd6 Ba6 16. Rhe1 Qb7 17. Bxa6 Qxa6 18. Bc5 h6 19. b3 Qb7 20. Re3 1-0

[Event "Alushta Autumn 2nd"]
[Site "Alushta"]
[Date "2010.09.22"]
[Round "11"]
[White "Heydarli, Kanan Beyukkishi Og"]
[Black "Alaguzov, Maxat"]
[Result "1/2-1/2"]
[WhiteElo "2301"]
[BlackElo "2347"]
[PlyCount "33"]
[EventDate "2010.09.14"]
[EventType "tourn"]
[EventRounds "13"]
[EventCountry "UKR"]
[EventCategory "4"]
[SourceTitle "CBM 138 Extra"]
[Source "ChessBase"]
[SourceDate "2010.10.29"]
[SourceVersion "1"]
[SourceVersionDate "2010.10.29"]
[SourceQuality "1"]

1. d4 Nf6 2. Nf3 g6 3. b3 Bg7 4. Bb2 0-0 5. Nbd2 d5 6. e3 Bf5 7. Be2 Nbd7 8. 0-0 c5 9. c4 dxc4 10. Nxc4 Rc8 11. Rc1 Be4 12. Qd2 b6 13. Rfd1 cxd4 14. Nxd4 Nc5 15. Bf3 Bxf3 16. Nxf3 Qxd2 17. Nfxd2 1/2-1/2

[Event "Alushta Autumn 2nd"]
[Site "Alushta"]
[Date "2010.09.16"]
[Round "4"]
[White "Alaguzov, Maxat"]
[Black "Yandemirov, Valeri"]
[Result "1-0"]
[WhiteElo "2347"]
[BlackElo "2435"]
[PlyCount "97"]
[EventDate "2010.09.14"]
[EventType "tourn"]
[EventRounds "13"]
[EventCountry "UKR"]
[EventCategory "4"]
[SourceTitle "CBM 138 Extra"]
[Source "ChessBase"]
[SourceDate "2010.10.29"]
[SourceVersion "1"]
[SourceVersionDate "2010.10.29"]
[SourceQuality "1"]

1. e4 e5 2. Nf3 Nc6 3. Bb5 f5 4. Nc3 fxe4 5. Nxe4 Nf6 6. Nxf6+ Qxf6 7. Qe2 Be7 8. Bxc6 dxc6 9. d4 exd4 10. Bg5 Qe6 11. Qxe6 Bxe6 12. Nxd4 Bd7 13. Bxe7 Kxe7 14. 0-0-0 Rad8 15. Rhe1+ Kf7 16. Nf3 Bc8 17. Re4 Rxd1+ 18. Kxd1 Rd8+ 19. Ke2 h6 20. Rf4+ Kg8 21. Nd2 c5 22. Re4 Bf5 23. Re7 Rd7 24. Rxd7 Bxd7 25. Ke3 Kf7 26. Kf4 Ke6 27. h4 b6 28. g4 Ba4 29. c3 Bc2 30. Nf1 Bb1 31. a3 Kf6 32. Ne3 g5+ 33. Kg3 Ke5 34. Nc4+ Kd5 35. Nd2 Bc2 36. hxg5 hxg5 37. Nf3 Kc4 38. Nxg5 Kb3 39. f4 Kxb2 40. f5 Kxa3 41. f6 Bg6 42. f7 Bxf7 43. Nxf7 a5 44. g5 a4 45. g6 Kb2 46. Ne5 b5 47. g7 a3 48. g8Q a2 49. Nd3+ 1-0

[Event "Alushta Autumn 2nd"]
[Site "Alushta"]
[Date "2010.09.16"]
[Round "5"]
[White "Shtyrenkov, Veniamen"]
[Black "Alaguzov, Maxat"]
[Result "0-1"]
[WhiteElo "2410"]
[BlackElo "2347"]
[PlyCount "58"]
[EventDate "2010.09.14"]
[EventType "tourn"]
[EventRounds "13"]
[EventCountry "UKR"]
[EventCategory "4"]
[SourceTitle "CBM 138 Extra"]
[Source "ChessBase"]
[SourceDate "2010.10.29"]
[SourceVersion "1"]
[SourceVersionDate "2010.10.29"]
[SourceQuality "1"]

1. d4 Nf6 2. c4 g6 3. Nc3 Bg7 4. e4 d6 5. Nf3 Bg4 6. Be2 Nfd7 7. Be3 e5 8. d5 0-0 9. h3 Bxf3 10. Bxf3 a5 11. h4 f5 12. h5 f4 13. Bd2 Nc5 14. hxg6 hxg6 15. Bg4 Qg5 16. Qf3 Nbd7 17. Na4 Kf7 18. Nxc5 Nxc5 19. 0-0-0 b6 20. Rh7 Rh8 21. Rxh8 Rxh8 22. g3 Qf6 23. gxf4 exf4 24. Bc3 Qg5 25. Rg1 Kf8 26. Bxg7+ Kxg7 27. Rg2 Rh6 28. Bf5 Qf6 29. Kc2 Qd4 0-1

[Event "KAZ-ch"]
[Site "Kostanay"]
[Date "2008.04.21"]
[Round "3"]
[White "Kostenko, Petr"]
[Black "Alaguzov, Maxat"]
[Result "0-1"]
[WhiteElo "2514"]
[BlackElo "2348"]
[PlyCount "60"]
[EventDate "2008.04.20"]
[EventType "swiss"]
[EventRounds "9"]
[EventCountry "KAZ"]
[SourceTitle "EXT 2022"]
[Source "ChessBase"]
[SourceDate "2021.10.06"]
[SourceVersion "1"]
[SourceVersionDate "2021.10.06"]
[SourceQuality "1"]

1. e4 e5 2. Nf3 Nc6 3. Bb5 Nge7 4. c3 g6 5. d4 exd4 6. cxd4 d5 7. exd5 Nxd5 8. 0-0 Bg7 9. Qe2+ Be6 10. Bg5 Qd6 11. Nc3 0-0 12. Ne4 Qb4 13. a3 Qa5 14. Bxc6 bxc6 15. Rac1 Qb6 16. Qd2 Rfb8 17. b4 a5 18. Bh6 axb4 19. Bxg7 Kxg7 20. axb4 Qxb4 21. Rxc6 Qxd2 22. Nexd2 Ra2 23. Nc4 Rc2 24. Nce5 Rbb2 25. Rxc2 Rxc2 26. Nd3 Bf5 27. Nc5 Nf4 28. Ra1 Ne2+ 29. Kf1 Nxd4 30. Nxd4 Rxc5 0-1

[Event "Wch U20 46th"]
[Site "Yerevan"]
[Date "2007.10.12"]
[Round "9"]
[White "Alaguzov, Maxat"]
[Black "Vandenbussche, Thibaut"]
[Result "1/2-1/2"]
[WhiteElo "2358"]
[BlackElo "2205"]
[PlyCount "90"]
[EventDate "2007.10.03"]
[EventType "swiss"]
[EventRounds "13"]
[EventCountry "ARM"]
[SourceTitle "CBM 120 Extra"]
[Source "ChessBase"]
[SourceDate "2007.11.01"]
[SourceVersion "1"]
[SourceVersionDate "2007.11.01"]
[SourceQuality "1"]

1. Nf3 g6 2. d4 Bg7 3. g3 d6 4. Bg2 Nf6 5. 0-0 0-0 6. c4 Nc6 7. Nc3 Bf5 8. d5 Na5 9. Nd4 Bd7 10. Qd3 c5 11. Nc2 a6 12. Rb1 Qc7 13. b3 b5 14. Bd2 Rfb8 15. e4 Ng4 16. f4 bxc4 17. bxc4 Bd4+ 18. Nxd4 cxd4 19. Qxd4 Qxc4 20. Qxc4 Nxc4 21. Rxb8+ Rxb8 22. Rb1 Rxb1+ 23. Nxb1 f5 24. Bf1 Nxd2 25. Nxd2 Bb5 26. Bh3 Ne3 27. exf5 Bd7 28. Bf1 Bb5 29. fxg6 hxg6 30. Bg2 Nd1 31. Be4 Kg7 32. a3 Nc3 33. Kf2 Be8 34. Ke3 Bf7 35. Nb1 Nxd5+ 36. Bxd5 Bxd5 37. Nc3 Bb7 38. Kd4 Kf6 39. Nd1 g5 40. Ne3 gxf4 41. gxf4 Bc6 42. Kc3 a5 43. Kd4 Kg6 44. Kc3 Kf6 45. Kd4 Kg6 1/2-1/2

[Event "Wch U20 46th"]
[Site "Yerevan"]
[Date "2007.10.11"]
[Round "8"]
[White "Garcia Cardenas, Pablo"]
[Black "Alaguzov, Maxat"]
[Result "1-0"]
[WhiteElo "2149"]
[BlackElo "2358"]
[PlyCount "93"]
[EventDate "2007.10.03"]
[EventType "swiss"]
[EventRounds "13"]
[EventCountry "ARM"]
[SourceTitle "CBM 120 Extra"]
[Source "ChessBase"]
[SourceDate "2007.11.01"]
[SourceVersion "1"]
[SourceVersionDate "2007.11.01"]
[SourceQuality "1"]

1. Nf3 d5 2. d4 c6 3. g3 Nf6 4. Bg2 Bf5 5. 0-0 Nbd7 6. Nbd2 e6 7. c4 Bd6 8. b3 h6 9. Bb2 0-0 10. Ne5 Bxe5 11. dxe5 Ng4 12. Nf3 Be4 13. cxd5 cxd5 14. Qd4 Qb6 15. Qa4 Bxf3 16. exf3 Ngxe5 17. f4 Nc6 18. f5 Qb4 19. fxe6 fxe6 20. Bh3 Rfe8 21. Qxb4 Nxb4 22. Bc3 Na6 23. Rfe1 Ndc5 24. Bd4 Ne4 25. Rac1 e5 26. Bb2 Ng5 27. Bg4 e4 28. Red1 Rad8 29. Bd4 b6 30. Rc6 Re7 31. a3 Nc7 32. a4 Nce6 33. Bb2 d4 34. Kg2 Kf7 35. h4 Nf3 36. Ba3 Ree8 37. Bf5 Ne5 38. Rd6 Rxd6 39. Bxd6 d3 40. Bxe5 Nc5 41. Bf4 Nxb3 42. h5 Kf6 43. Bg6 Re6 44. Be3 Ke5 45. f3 Nc5 46. fxe4 Rd6 47. Bf4+ 1-0

[Event "Wch U20 46th"]
[Site "Yerevan"]
[Date "2007.10.03"]
[Round "1"]
[White "Alaguzov, Maxat"]
[Black "Pashikian, Arman"]
[Result "0-1"]
[WhiteElo "2358"]
[BlackElo "2534"]
[PlyCount "70"]
[EventDate "2007.10.03"]
[EventType "swiss"]
[EventRounds "13"]
[EventCountry "ARM"]
[SourceTitle "CBM 120 Extra"]
[Source "ChessBase"]
[SourceDate "2007.11.01"]
[SourceVersion "1"]
[SourceVersionDate "2007.11.01"]
[SourceQuality "1"]

1. d4 Nf6 2. c4 e6 3. Nf3 d5 4. Nc3 Bb4 5. Bg5 0-0 6. e3 c5 7. Rc1 Nbd7 8. cxd5 exd5 9. Be2 c4 10. Nd2 Qa5 11. Qc2 Re8 12. 0-0 b5 13. Rfe1 Bb7 14. Bf1 Re6 15. g3 h6 16. Bxf6 Nxf6 17. Bg2 Rae8 18. a3 Bf8 19. Nf3 Ne4 20. Nxe4 dxe4 21. Ne5 Bd6 22. Bxe4 Bxe4 23. Qxe4 f6 24. f4 fxe5 25. dxe5 Qb6 26. Qd5 Bc5 27. Rcd1 Bxe3+ 28. Kg2 Kh8 29. Kf3 Bc5 30. f5 Rf8 31. Ke4 Ree8 32. e6 Rd8 33. Qe5 Qc6+ 34. Rd5 Be7 35. Red1 Bf6 0-1

[Event "Almaty Seimar op"]
[Site "Almaty"]
[Date "2007.08.24"]
[Round "7"]
[White "Kvon, Andrey"]
[Black "Alaguzov, Maxat"]
[Result "1-0"]
[WhiteElo "2360"]
[BlackElo "2200"]
[PlyCount "71"]
[EventDate "2007.08.18"]
[EventType "swiss"]
[EventRounds "9"]
[EventCountry "KAZ"]
[SourceTitle "EXT 2022"]
[Source "ChessBase"]
[SourceDate "2021.10.06"]
[SourceVersion "1"]
[SourceVersionDate "2021.10.06"]
[SourceQuality "1"]

1. e4 e5 2. Nf3 Nc6 3. Bb5 a6 4. Ba4 Nf6 5. 0-0 Be7 6. Re1 b5 7. Bb3 d6 8. c3 0-0 9. h3 Na5 10. Bc2 c5 11. d4 Qc7 12. d5 Kh8 13. b3 Ng8 14. a4 b4 15. Bb2 f5 16. exf5 Bxf5 17. Nbd2 Rab8 18. Rc1 Qb7 19. cxb4 Qxb4 20. Bxf5 Rxf5 21. Bc3 Qb6 22. Rb1 Rbf8 23. Ne4 Nf6 24. Ng3 Rf4 25. Bd2 Rd4 26. Nxd4 cxd4 27. Qf3 Nb7 28. b4 Nd8 29. Nf5 Nxd5 30. Qxd5 Rxf5 31. b5 a5 32. Qa8 Qb7 33. Qxb7 Nxb7 34. Rec1 Bd8 35. Rc8 Rf8 36. Rb8 1-0

[Event "Olomouc Agentura 64 Cup IM-B"]
[Site "Olomouc"]
[Date "2007.08.05"]
[Round "7"]
[White "Lagerman, Robert"]
[Black "Alaguzov, Maxat"]
[Result "1-0"]
[WhiteElo "2315"]
[BlackElo "2200"]
[PlyCount "43"]
[EventDate "2007.08.01"]
[EventType "tourn"]
[EventRounds "11"]
[EventCountry "CZE"]
[EventCategory "2"]
[SourceTitle "CBM 119 Extra"]
[Source "ChessBase"]
[SourceDate "2007.09.04"]
[SourceVersion "1"]
[SourceVersionDate "2007.09.04"]
[SourceQuality "1"]

1. e4 e6 2. d4 d5 3. Nd2 Nf6 4. e5 Nfd7 5. Bd3 c5 6. c3 Nc6 7. Ngf3 Be7 8. 0-0 g5 9. dxc5 g4 10. Nd4 Ncxe5 11. Bc2 Bxc5 12. f4 gxf3 13. N2xf3 Nxf3+ 14. Qxf3 Ne5 15. Qh5 Ng6 16. Bh6 Rg8 17. Bg5 Qc7 18. Ba4+ Bd7 19. Rxf7 Kxf7 20. Rf1+ Ke8 21. Qxh7 Nf8 22. Qf7# 1-0

[Event "Olomouc Agentura 64 Cup IM-B"]
[Site "Olomouc"]
[Date "2007.08.04"]
[Round "5"]
[White "Dauletova, Gulmira"]
[Black "Alaguzov, Maxat"]
[Result "0-1"]
[WhiteElo "2210"]
[BlackElo "2200"]
[PlyCount "76"]
[EventDate "2007.08.01"]
[EventType "tourn"]
[EventRounds "11"]
[EventCountry "CZE"]
[EventCategory "2"]
[SourceTitle "CBM 119 Extra"]
[Source "ChessBase"]
[SourceDate "2007.09.04"]
[SourceVersion "1"]
[SourceVersionDate "2007.09.04"]
[SourceQuality "1"]

1. e4 e6 2. d3 d5 3. Nd2 c5 4. Ngf3 Nc6 5. g3 Nf6 6. Bg2 Be7 7. 0-0 b6 8. Re1 Bb7 9. c3 Qc7 10. a3 d4 11. c4 Nd7 12. Nf1 e5 13. Rb1 a5 14. b3 h5 15. h4 f6 16. Bd2 Nf8 17. Qc1 Nh7 18. N1h2 Bc8 19. Kf1 Be6 20. a4 0-0-0 21. Ke2 Rhg8 22. Ng1 g5 23. Rd1 g4 24. Ke1 f5 25. exf5 Bxf5 26. Bd5 Rge8 27. Bh6 Bd6 28. Bg5 Rd7 29. Be4 Bxe4 30. dxe4 Nb4 31. Bd2 Nf6 32. Bxb4 cxb4 33. Qh6 Nxe4 34. Rb2 Rh7 35. Qg6 Nc3 36. Rc1 Qd7 37. f3 e4 38. fxg4 hxg4 0-1

[Event "Pardubice Czech op"]
[Site "Pardubice"]
[Date "2007.07.28"]
[Round "9"]
[White "Sveshnikov, Vladimir"]
[Black "Alaguzov, Maxat"]
[Result "1/2-1/2"]
[WhiteElo "2378"]
[BlackElo "2200"]
[PlyCount "49"]
[EventDate "2007.07.20"]
[EventType "swiss"]
[EventRounds "9"]
[EventCountry "CZE"]
[SourceTitle "CBM 119 Extra"]
[Source "ChessBase"]
[SourceDate "2007.09.04"]
[SourceVersion "1"]
[SourceVersionDate "2007.09.04"]
[SourceQuality "1"]

1. e4 c6 2. d4 d5 3. exd5 cxd5 4. c4 Nf6 5. Nc3 e6 6. Nf3 Bb4 7. cxd5 Nxd5 8. Qc2 Nc6 9. Be2 0-0 10. 0-0 Be7 11. a3 b6 12. Nxd5 Qxd5 13. Bd3 Bb7 14. Bxh7+ Kh8 15. Be4 Nxd4 16. Bxd5 Nxc2 17. Bxb7 Rab8 18. Ra2 Rxb7 19. Bd2 Bf6 20. Bc3 Rd8 21. Bxf6 gxf6 22. b4 Nd4 23. Nxd4 Rxd4 24. g3 Rc7 25. Rb1 1/2-1/2

[Event "Pardubice Czech op"]
[Site "Pardubice"]
[Date "2007.07.23"]
[Round "4"]
[White "Alaguzov, Maxat"]
[Black "Boskovic, Drasko"]
[Result "0-1"]
[WhiteElo "2200"]
[BlackElo "2473"]
[PlyCount "120"]
[EventDate "2007.07.20"]
[EventType "swiss"]
[EventRounds "9"]
[EventCountry "CZE"]
[SourceTitle "CBM 119 Extra"]
[Source "ChessBase"]
[SourceDate "2007.09.04"]
[SourceVersion "1"]
[SourceVersionDate "2007.09.04"]
[SourceQuality "1"]

1. Nf3 c5 2. c4 g6 3. g3 Bg7 4. Bg2 Nc6 5. 0-0 Nh6 6. Nc3 Nf5 7. d3 0-0 8. Bd2 d6 9. a3 Qd7 10. Rb1 b6 11. b4 Bb7 12. Ne4 e5 13. b5 Ncd4 14. e3 Ne6 15. a4 Ne7 16. a5 Rab8 17. Nc3 Rfd8 18. e4 h6 19. Bh3 Qc7 20. Ra1 Bc8 21. Nd5 Nxd5 22. exd5 Nd4 23. Bxc8 Rdxc8 24. Nxd4 cxd4 25. Ra4 f5 26. f3 Re8 27. Re1 Re7 28. Qc1 g5 29. Qa3 Bf8 30. Bb4 Rf7 31. axb6 axb6 32. Ra8 h5 33. h3 Kh7 34. Kg2 h4 35. Rxb8 Qxb8 36. g4 Qd8 37. Qb2 Qf6 38. Qe2 fxg4 39. fxg4 Qf4 40. Qe4+ Qxe4+ 41. Rxe4 Ra7 42. Re2 Kg7 43. Rb2 Ra1 44. Kf3 Be7 45. Bd2 Rg1 46. Ba5 Rg3+ 47. Kf2 Rxh3 48. Rb1 bxa5 49. b6 Bd8 50. b7 Bc7 51. b8Q Bxb8 52. Rxb8 Kf7 53. Rb7+ Ke8 54. Rg7 Rxd3 55. Rxg5 Rc3 56. Rg8+ Kf7 57. Rd8 Ke7 58. Rc8 a4 59. g5 a3 60. g6 a2 0-1

[Event "KAZ-ch"]
[Site "Astana"]
[Date "2007.03.30"]
[Round "11"]
[White "Alaguzov, Maxat"]
[Black "Ismagambetov, Anuar"]
[Result "0-1"]
[WhiteElo "2194"]
[BlackElo "2451"]
[PlyCount "70"]
[EventDate "2007.03.20"]
[EventType "tourn"]
[EventRounds "11"]
[EventCountry "KAZ"]
[EventCategory "5"]
[SourceTitle "CBM 117 Extra"]
[Source "ChessBase"]
[SourceDate "2007.05.09"]
[SourceVersion "1"]
[SourceVersionDate "2007.05.09"]
[SourceQuality "1"]

1. Nf3 Nf6 2. c4 e6 3. Nc3 d5 4. e3 Be7 5. d4 0-0 6. b3 c5 7. cxd5 cxd4 8. Qxd4 exd5 9. Bb2 Nc6 10. Qd2 Bg4 11. Be2 Qd6 12. 0-0 a6 13. Rfd1 Rad8 14. Nd4 Bc8 15. Rac1 Ne5 16. h3 Rfe8 17. Qc2 Bf8 18. Qb1 Ng6 19. Nf3 Qe6 20. Rd2 Bb4 21. Rcd1 Ne7 22. Rd4 Bc5 23. R4d3 h6 24. Na4 Bd6 25. Qa1 b5 26. Nb6 Bb7 27. Nd4 Qe4 28. Nf3 Bc7 29. Bxf6 gxf6 30. Rd4 Qe6 31. Rg4+ Kf8 32. Qb1 f5 33. Nd4 Qxb6 34. Nxf5 Nxf5 35. Qxf5 Bc8 0-1

[Event "KAZ-ch"]
[Site "Astana"]
[Date "2007.03.24"]
[Round "5"]
[White "Alaguzov, Maxat"]
[Black "Jumabayev, Rinat"]
[Result "0-1"]
[WhiteElo "2194"]
[BlackElo "2421"]
[PlyCount "23"]
[EventDate "2007.03.20"]
[EventType "tourn"]
[EventRounds "11"]
[EventCountry "KAZ"]
[EventCategory "5"]
[SourceTitle "EXT 2024"]
[Source "ChessBase"]
[SourceDate "2023.10.10"]
[SourceVersion "1"]
[SourceVersionDate "2023.10.10"]
[SourceQuality "1"]

1. e4 e5 2. Nf3 Nc6 3. Nc3 Nf6 4. Bb5 a6 5. Nxe5 Nxe4 6. Nxe4 Bd6 7. Ng3 0-0 8. f4 f5 9. c3 Qe7 10. Ne4 axb5 11. Nxd6 b4 12. a4 0-1

[Event "Izmailov Memorial op 10th"]
[Site "Tomsk"]
[Date "2006.07.16"]
[Round "5"]
[White "Demianjuk, Alexander"]
[Black "Alaguzov, Maxat"]
[Result "1/2-1/2"]
[WhiteElo "2365"]
[BlackElo "2176"]
[PlyCount "115"]
[EventDate "2006.07.12"]
[EventType "swiss"]
[EventRounds "9"]
[EventCountry "RUS"]
[SourceTitle "EXT 2008"]
[Source "ChessBase"]
[SourceDate "2007.11.25"]
[SourceVersion "1"]
[SourceVersionDate "2007.11.25"]
[SourceQuality "1"]

1. e4 e5 2. Nf3 Nc6 3. Bb5 Nge7 4. 0-0 g6 5. c3 Bg7 6. d4 exd4 7. cxd4 d5 8. exd5 Nxd5 9. Bxc6+ bxc6 10. Re1+ Be6 11. Bg5 Qd6 12. Nbd2 0-0 13. Rc1 Qb4 14. Nc4 Rfe8 15. Bd2 Qf8 16. Nce5 Rab8 17. b3 Qa3 18. Nxc6 Rb6 19. Rc5 Nf6 20. Qc2 Bf8 21. Ra5 Qd6 22. Nce5 Bf5 23. Qc1 Rb7 24. h3 Ne4 25. Qc4 Be6 26. Qa4 Nf6 27. Rxa7 Rxa7 28. Qxa7 Bd5 29. Rc1 Ra8 30. Qxc7 Rxa2 31. Qxd6 Bxd6 32. Bh6 Ra8 33. Nc4 Bc7 34. Ne3 Bd6 35. Nxd5 Nxd5 36. g3 f6 37. Nd2 Kf7 38. Ne4 Be7 39. Rc6 Rb8 40. Nd6+ Ke6 41. Nc8+ Kd7 42. Nxe7 Kxe7 43. Ra6 Rxb3 44. Ra7+ Ke6 45. Rxh7 Rd3 46. Rg7 g5 47. Bxg5 fxg5 48. Rxg5 Rxd4 49. Kg2 Rd2 50. h4 Ne3+ 51. Kf3 Nd1 52. g4 Nxf2 53. h5 Nh3 54. Rg6+ Kf7 55. Ra6 Rd3+ 56. Ke4 Nf2+ 57. Kf4 Nh3+ 58. Ke4 1/2-1/2